000 00523nam a2200157 i 4500
001 75011
003 ES-MaACL
007 t|
008 040921s1955 sp ||||1| spa d
100 1 _aGottmann, Jean.
_959304
245 1 0 _aGeografía de Europa /
_cJean Gottmann ; traducción de la segunda edición norteamericana por Luis Jordá.
260 _aBarcelona :
_bOmega,
_c[1955] (
_fAgustín Núñez)
300 _a734 p., 22 lám. :
_bil. ;
_c22 cm.
700 1 _aJordá, Luis.
_966897
852 _aES-MaACL
_jE-643
_bR.37943
999 _c75011
_d75011